| 000 | 00817cam a22002412 4500 | ||
|---|---|---|---|
| 001 | 0000018810 | ||
| 005 | 20151021151130.0 | ||
| 008 | 100801s xx 000 0 eng d | ||
| 020 | _a013232346x : | ||
| 040 |
_aKABU _cKABU |
||
| 100 | 1 |
_aWheelen, Thomas L. _@0000160073 |
|
| 245 | 1 | 0 |
_aStrategic management and business policy : _bconcepts and cases / _cThomas L. Wheelen, J. David Hunger. |
| 250 | _a11th ed. | ||
| 260 |
_aUpper Saddle River, NJ. : _bPearson, _c2008. |
||
| 300 | _avarious paging. | ||
| 500 | _a. | ||
| 650 | 0 |
_aStrategic planning. _@0000150576 |
|
| 700 | 1 |
_aHunger, J. David. _@0000160074 |
|
| 852 | 1 | _9p2390 KES | |
| 852 | 1 | _9p2390 KES | |
| 908 | _a100801 | ||
| 950 | _@1 | ||
| 999 |
_c1000 _d1000 |
||